000 00768nam a22002297a 4500
999 _c20620
_d20620
003 AR-CdUCM
008 190531b ||||| |||| 00| 0 spa d
040 _aMUNICIPALIDAD PROVINCIAL DEL CUSCO
_cBIBLIOTECA MUNICIPAL DEL CUSCO
082 _a615 /
_bR84
100 _aRos, Arturo R
_943090
245 _aManual de terapéutica clínica /
260 _aCuba :
_bCultural,
_c1950.
300 _a1321 páginas ;
_bIlustraciones,
_c25 cm.
500 _aLibro reempastado
505 _aContenido : Aborto -- Accidentes eléctricos -- Ácido y bases -- Acroasfixia -- Acrocianosis...
650 _aAnemias
_943091
650 _aEnfermedades
_95611
650 _aInfecciones
_922297
700 _aEstrada Mendez, Aquilino
_943092
942 _2ddc
_cLIBROS
945 _aandy